| 000 | 00380nam a2200157Ia 4500 | ||
|---|---|---|---|
| 005 | 20250514010323.0 | ||
| 008 | 240331s9999 xx 000 0 und d | ||
| 082 |
_a200.042 _bURU |
||
| 100 | _aUrugamuwe Wangeesa, Himi | ||
| 245 | 0 | _aBikshuni sasanaya | |
| 260 |
_aColombo _bSridevi Publication _c1986 |
||
| 300 | _a164 p ., | ||
| 650 | _aBuddhism | ||
| 650 | _aHistory | ||
| 942 | _cL | ||
| 999 |
_c808 _d808 |
||